00581 a2200169 4500020001800000082001100018090001500029100002800044245005700072260003400129300001100163650002000174700002700194942001900221999001700240952015400257 a9780141032528 a863.64 c7049d7049 aGarcia Marquez, Gabriel aThe general in his labyrinthcGabriel Garcia Marquez aNew YorkbPenguin Groupc1990 a285 p. aSpanish fiction aGabriel Garcia Marquez cBKk863.64 GAR c10857d10857 001040708NFICaCLbCLcGENd2012-04-19eEagle Information Marketingg642.24l5m1o863.64 GARpSEECS011213r2024-01-01s2023-10-01w2017-01-05yBK